000
00322nam a2200145Ia 4500
008
230718s9999 xx 000 0 und d
041
_a
Eng.
082
_a
823
_b
CEL-C
100
_a
Cellos, Rose
245
0
_a
Colond Pansker's
260
_a
Pakistan
_b
A vingo book
_c
2001
300
_a
308
650
_a
Law
999
_c
26372
_d
26372